Od povstania k oslobodeniu

Bibliographic Details
Main Author: Pauliak, Ervín (Author)
Format: Book
Language:Slovak
PhysicalDescription:331 s. fotografie 21 cm
Published: Bratislava Pravda 1985
Edition:1. vyd.
Series:Členská knižnica Pravda
Subjects:

MARC

LEADER 00000cam a2200000 a 4500
001 vtls001094826
003 SK-MaSNL
005 20260301142142.0
008 230501s1985 xo o gr 00100 slo
015 |a SNBA1985/07 
020 |q (viazané) 
035 |a SNK000037668 
035 |a 0106A964-2ACC-478A-9440-578B8D1414C6 
035 |a urn:nbn:sk:snk-am00ijc2 
040 |a SNK  |b slo  |c SNK  |e AACR2 
041 0 |a slo 
044 |a xo  |c SK 
072 7 |a 355/359  |x Vojenstvo. Obrana krajiny. Ozbrojené sily  |2 konspekt 
080 |a 355.48(100)"1939/1945"  |2 2001 
080 |a 355.426(437.6)"1944"  |2 2001 
080 |a (048.8)  |2 2011 
100 1 |a Pauliak, Ervín  |4 aut  |9 320334 
245 1 0 |a Od povstania k oslobodeniu  |c Ervín Pauliak 
250 |a 1. vyd. 
260 |a Bratislava  |b Pravda  |c 1985  |e Žilina  |f Pravda 
300 |a 331 s.  |b fotografie  |c 21 cm 
490 1 |a Členská knižnica Pravda 
504 |a Obsahuje bibliografické odkazy ; menný register 
650 0 7 |a druhá svetová vojna (1939-1945)  |2 SNKPH  |9 169657 
650 0 7 |a Slovenské národné povstanie (1944)  |2 SNKPH  |9 177948 
650 0 7 |a World War (1939-1945)  |2 SNKPHeng  |9 284172 
650 0 7 |a Slovak uprising (1944)  |2 SNKPHeng  |9 268548 
655 7 |a monografie  |2 SNKPH  |9 70139 
655 7 |a Monographs  |2 SNKPHeng  |9 120675 
830 0 |a Členská knižnica Pravda  |9 276635 
852 |a Slovenská národná knižnica 
954 |a odborná, vedecká literatúra pôvodná (slovenská)  |2 lita 
958 |a OND 
958 |a NB 
958 |a SP 
958 |a TL 
958 |a EUIPO 
999 |c 769331  |d 771261 
952 |t P60, <04>, [BOOK], {604}  |a SNK  |b SNK  |y VYP  |7 0  |p 17A0071927  |o snkSC 63433 D1  |0 0  |1 0  |4 0  |d 1997-05-29  |l 0  |r 2004-12-31 00:00:00  |w 2026-02-24 
952 |a SNK  |b SNK  |y PREZ  |7 0  |p 17A0917534  |o snkSC 63433  |i snkKSP 4335/85  |0 0  |1 0  |4 0  |d 2012-08-07  |f 1  |l 0  |r 2025-06-24 00:00:00  |w 2026-02-24